<?xml version="1.0" encoding="UTF-8"?><collection xmlns="info:lc/xmlns/marcxchange-v2"><record format="Unimarc" type="bibliographic"><leader>01146nam  2200349   450 </leader><controlfield tag="001">2513090</controlfield><controlfield tag="003">http://id.bnportugal.gov.pt/bib/porbase/2513090</controlfield><datafield ind1=" " ind2=" " tag="010"><subfield code="a">978-989-8194-19-0</subfield></datafield><datafield ind1=" " ind2=" " tag="010"><subfield code="a">978-0-300-12223-7</subfield></datafield><datafield ind1=" " ind2=" " tag="021"><subfield code="a">PT</subfield><subfield code="b">290804/09</subfield></datafield><datafield ind1=" " ind2=" " tag="035"><subfield code="a">(bn)1753762</subfield></datafield><datafield ind1=" " ind2=" " tag="100"><subfield code="a">20100818d2009    m  y0pory0103    ba</subfield></datafield><datafield ind1="1" ind2=" " tag="101"><subfield code="a">por</subfield><subfield code="c">eng</subfield></datafield><datafield ind1=" " ind2=" " tag="102"><subfield code="a">PT</subfield></datafield><datafield ind1=" " ind2=" " tag="105"><subfield code="a">y   z   000yy</subfield></datafield><datafield ind1=" " ind2=" " tag="106"><subfield code="a">r</subfield></datafield><datafield ind1="1" ind2=" " tag="200"><subfield code="a">Nudge</subfield><subfield code="e">estímulo, empurrãozinho, toque</subfield><subfield code="e">como melhorar as decisões sobre saúde, dinheiro e felicidade</subfield><subfield code="f">Richard H. Thaler, Cass R. Sunstein</subfield><subfield code="g">trad. Carlos Sousa</subfield><subfield code="g">rev. Helena Ramos</subfield></datafield><datafield ind1=" " ind2=" " tag="205"><subfield code="a">1ª ed</subfield></datafield><datafield ind1=" " ind2="9" tag="210"><subfield code="a">Alfragide</subfield><subfield code="c">Academia do Livro</subfield><subfield code="d">2009</subfield></datafield><datafield ind1=" " ind2=" " tag="215"><subfield code="a">362 p.</subfield><subfield code="d">24 cm</subfield></datafield><datafield ind1=" " ind2=" " tag="304"><subfield code="a">Tít. orig.: Nudge</subfield></datafield><datafield ind1=" " ind2=" " tag="320"><subfield code="a">Bibliografia, p. 347-362</subfield></datafield><datafield ind1=" " ind2=" " tag="675"><subfield code="a">330.16(035)</subfield><subfield code="v">BN</subfield><subfield code="z">por</subfield><subfield code="3">1283962</subfield></datafield><datafield ind1=" " ind2=" " tag="675"><subfield code="a">159.94</subfield><subfield code="v">BN</subfield><subfield code="z">por</subfield><subfield code="3">290029</subfield></datafield><datafield ind1=" " ind2=" " tag="675"><subfield code="a">316.6</subfield><subfield code="v">BN</subfield><subfield code="z">por</subfield><subfield code="3">290124</subfield></datafield><datafield ind1=" " ind2="1" tag="700"><subfield code="a">Thaler</subfield><subfield code="b">Richard H.</subfield><subfield code="f">1945-</subfield><subfield code="3">2398787</subfield></datafield><datafield ind1=" " ind2="1" tag="701"><subfield code="a">Sunstein</subfield><subfield code="b">Cass R.</subfield><subfield code="4">070</subfield><subfield code="3">702042</subfield></datafield><datafield ind1=" " ind2="1" tag="702"><subfield code="9">2</subfield><subfield code="a">Sousa</subfield><subfield code="b">Carlos</subfield><subfield code="4">730</subfield><subfield code="3">284191</subfield></datafield><datafield ind1=" " ind2="1" tag="702"><subfield code="a">Ramos</subfield><subfield code="b">Helena</subfield><subfield code="4">675</subfield><subfield code="3">81941</subfield></datafield><datafield ind1=" " ind2="0" tag="801"><subfield code="a">PT</subfield><subfield code="b">BN</subfield><subfield code="g">RPC</subfield></datafield><datafield ind1=" " ind2=" " tag="900"><subfield code="a">BIBNAC</subfield><subfield code="d">20101209</subfield></datafield><datafield ind1=" " ind2=" " tag="966"><subfield code="l">BN</subfield><subfield code="m">FGMON</subfield><subfield code="s">S.C. 123120 V.</subfield><subfield code="x">1</subfield></datafield><datafield ind1=" " ind2=" " tag="966"><subfield code="l">BN</subfield><subfield code="m">FGMON</subfield><subfield code="s">S.C. 123120 V.-D </subfield><subfield code="x">1</subfield></datafield><datafield ind1=" " ind2=" " tag="966"><subfield code="l">BPRMAD</subfield><subfield code="m">BPRMAD</subfield><subfield code="n">Nubélia</subfield><subfield code="s">ECO330.1THA</subfield></datafield></record></collection>